| 000 | 00886cam a2200229 4500 | ||
|---|---|---|---|
| 001 | BFIL007054 | ||
| 008 | 1966 spa | ||
| 035 | _aBFIL007054 | ||
| 050 | 4 |
_aPQ6171 _bS26 1966 |
|
| 100 | 1 | _Sánchez, Tomas Antonio | |
| 245 | 0 |
_aPoetas castellanos anteriores al siglo XV / _colección hecha por Tomas Sánchez ; continuada por Pedro José Pidal y considerablemente aumentada e ilustrada a vista de los códices y manuscritos antiguos por Florencio Janer. |
|
| 260 |
_aMadrid : _bAtlas, _c1966 |
||
| 300 |
_axlviii 259 p. ; _c27 cm. |
||
| 440 | 0 | _aBiblioteca de Autores Españoles: desde la formacion del len- | |
| 440 | 0 | _aguaje hasta nuestros días ; 57 | |
| 500 | _a1 ejemplar | ||
| 504 | _aIncluye glosario | ||
| 650 | 4 | _aLiteratura Española | |
| 700 | 1 |
_aPidal, Pedro José, _ecoaut. |
|
| 700 | 1 |
_aJaner, Florencio, _ecoaut. |
|
| 942 |
_2lcc _cLIB |
||
| 999 |
_c126052 _d126052 |
||